30 Facts That Start with 'C' Quiz Stats

 Plays Quiz Updated Nov 7, 2017

Also try: What's Missing
Challenge
Share
Tweet
Embed
Score 0/30 Timer 05:00
11 Plays Today
Question Answer % Correct
Diamond is a form of what element?Carbon
91.9%
What is the name of both Bill Clinton's daughter and an English football team?Chelsea
89.8%
What is the main vegetable used in sauerkraut?Cabbage
80.8%
'Where Everybody Knows Your Name' was the theme tune to which 1980s sitcom?Cheers
78.2%
Which country has the world's longest coastline?Canada
78%
What name is usually given to a Russian astronaut?Cosmonaut
73.8%
Which early film comedian starred in 'Modern Times' and 'The Great Dictator'?Chaplin (Charlie)
72.3%
In the 19th century, John Pemberton invented what branded drink?Coca-Cola
71.9%
Pol Pot was a tyrannical ruler of which Asian country in the 1970s?Cambodia
69.5%
What is the medical name for the collarbone?Clavicle
69.4%
What word precedes 'African Republic' to give the name of a country?Central
68.9%
Which river formed the Grand Canyon?Colorado River
67.2%
'Louie, I think this is the beginning of a beautiful friendship' is the last line of what classic film?Casablanca
66.2%
In 2002, who won the first season of 'American Idol'?Clarkson (Kelly)
65.9%
Velma Kelly and Roxie Hart are characters in what stage musical?Chicago
63.9%
Question Answer % Correct
What does the 'C' in UNICEF stand for?Children's
62.1%
Arabica and Robusta are both types of what?Coffee
59.9%
In what 1995 film does Alicia Silverstone play Cher Horowitz?Clueless
58.1%
'Rhode Island Red' and 'Leghorn' are types of what bird?Chicken
56.6%
From the French for 'to glue', what art form consists of materials glued to a backing?Collage
53.3%
Which English actor played Basil Fawlty in sitcom 'Fawlty Towers'?Cleese (John)
51.4%
What type of tree appears on the national flag of Lebanon?Cedar
51.4%
Tenerife and Lanzarote are members of what island group?Canary Islands
51.2%
Who sailed in the HMS Endeavour on his first voyage of discovery to Australia?Cook (Captain James)
48.8%
What was the first James Bond book written by Ian Fleming?Casino Royale
48%
The Battle of Balaclava was part of which war?Crimean War
45.8%
Which actor is the nephew of film director Francis Ford Coppola?Cage (Nicolas)
45%
Table Mountain overlooks what African city?Cape Town
42.6%
Who created the TV series 'E.R.' and wrote the novel 'Jurassic Park'?Crichton (Michael)
41.7%
Native to South America, what is the largest rodent in the world?Capybara
35.5%

You're not logged in!

Compare scores with friends on all Sporcle quizzes.
Join for Free
OR
Log In

You Might Also Like...

Show Comments

Extras

Top Quizzes Today


Score Distribution

Your Account Isn't Verified!

In order to create a playlist on Sporcle, you need to verify the email address you used during registration. Go to your Sporcle Settings to finish the process.

Report this User

Report this user for behavior that violates our Community Guidelines.

Details: